header

The structure and dynamics of geographic ranges (Record no. 29566)

MARC details
000 -LEADER
fixed length control field 01323nam a2200349Ia 4500
082 04 - DEWEY DECIMAL CLASSIFICATION NUMBER
Classification number 577
100 1# - MAIN ENTRY--AUTHOR NAME
Personal name Gaston, Kevin J.
245 14 - TITLE STATEMENT
Title The structure and dynamics of geographic ranges
260 ## - PUBLICATION, DISTRIBUTION, ETC. (IMPRINT)
Place of publication Oxford ;
-- New York :
Name of publisher Oxford University Press,
Year of publication 2003.
300 ## - PHYSICAL DESCRIPTION
Number of Pages x, 266 p. :
Other physical details ill., maps.
490 1# - SERIES STATEMENT
Series statement Oxford series in ecology and evolution
650 #0 - SUBJECT ADDED ENTRY--TOPICAL TERM
Topical Term Biogeography.
Topical Term Natural history.
856 40 - ELECTRONIC LOCATION AND ACCESS
Uniform Resource Identifier http://site.ebrary.com/lib/rucke/Doc?id=10686675

No items available.

© 2026 Rongo University
Contact us: librarian | system librarian | Rongo university